|
|
|
|
| LEADER |
01153nam a22003012a 4500 |
| 001 |
000589800 |
| 003 |
CZ BrMZK |
| 005 |
20180301211233.0 |
| 007 |
ta |
| 008 |
020311s1946 xr f cze d |
| 015 |
|
|
|a cnb000394223
|
| 035 |
|
|
|a (OCoLC)85170977
|
| 040 |
|
|
|a BOA001
|c ze
|d BOA001
|
| 100 |
1 |
|
|a Konečný, Robert,
|d 1906-1981
|7 jk01061506
|4 aut
|
| 245 |
1 |
0 |
|a Živá slova /
|c Robert Konečný
|
| 250 |
|
|
|a Vydání první
|
| 260 |
|
|
|a Brno :
|b Zář,
|c 1946
|
| 300 |
|
|
|a 82, [III] s. ;
|c 8°
|
| 490 |
1 |
|
|a Knižnice zábavy a poučení ;
|v Sv. 2
|
| 500 |
|
|
|a Grafická úprava: Antonín Jero
|
| 500 |
|
|
|a Dostupné též v digitální podobě v aplikaci Kramerius
|
| 830 |
|
0 |
|a Knižnice zábavy a poučení
|
| 856 |
4 |
1 |
|u http://www.digitalniknihovna.cz/mzk/uuid/uuid:9c0e4510-22c6-11e8-a0cf-005056827e52
|y Digitalizovaný dokument
|x NDK
|
| 910 |
|
|
|a BOA001
|b 2-0188.712,2
|b PK-I-0029.745
|
| 920 |
|
|
|a 000729222
|
| 990 |
|
|
|a BK
|
| 996 |
6 |
|
|b 2619707482
|c 2-0188.712,2
|l MZK
|r Sklad / do 24 hodin
|n 15
|w 000589800
|u 000010
|a 1
|e BOA001
|j MZK50
|s P
|
| 996 |
7 |
|
|b 3119653135
|c PK-I-0029.745
|l MZK
|r Sklad / do 1 hodiny
|n 2
|w 000589800
|u 000030
|a 1
|e BOA001
|j MZK50
|s A
|